| 000 | 00993nam a2200241Ia 4500 | ||
|---|---|---|---|
| 999 |
_c51097 _d51097 |
||
| 001 | 18054 | ||
| 003 | GE_BSU | ||
| 005 | 20251201200000.0 | ||
| 008 | 181216s2004||||ge |||||||||||||| ||geo|| | ||
| 020 | _a1512-09-53 | ||
| 040 | _cGE_BSU | ||
| 041 | _ageo | ||
| 080 | _a811.353.1(063) ქ-27 | ||
| 245 |
_aქართველური მემკვიდრეობა : _b VIII / _cრედ. ა.ნიკოლეიშვილი, ტ. ფუტკარაძე. |
||
| 264 |
_aქუთაისი : _bაკაკი წერეთლის სახელობის სახ. უნ-ტი, _c2004. |
||
| 300 |
_a358 გვ.; _b24 სმ. |
||
| 520 | _aყდა და თავფ. ინგლ.ენ | ||
| 541 | _h12ლ. | ||
| 653 | _aსიმპოზიუმის მასალები | ||
| 653 | _aქართველური მემკვიდრეობა | ||
| 653 | _aქუთაისური საუბრები. | ||
| 942 |
_cBK _2udc |
||